[Event "ICS rated standard match"]
[Site "204.178.125.65"]
[Date "2000.08.04"]
[Round "?"]
[White "greekgift"]
[Black "Hossa"]
[Result "0-1"]
[WhiteElo "1917"]
[BlackElo "2336"]
[PlyCount "38"]
[EventDate "2000.??.??"]

1. e4 e5 2. Nf3 Nf6 3. Nxe5 d6 4. Nf3 Nxe4 5. Nc3 Nxc3 6. dxc3 Be7 7. c4 O-O 8.
Bd3 Re8 9. O-O Nd7 10. Bf4 Nc5 11. b4 Nxd3 12. Qxd3 a5 13. a3 Bf6 14. Rad1 axb4
15. axb4 Bg4 16. h3 Bh5 17. Qd5 Bg6 18. Nd4 Re4 19. Be3 c6 0-1

[Event "ICS rated standard match"]
[Site "204.178.125.65"]
[Date "2000.08.04"]
[Round "?"]
[White "Hossa"]
[Black "greekgift"]
[Result "1-0"]
[WhiteElo "2339"]
[BlackElo "1914"]
[PlyCount "49"]
[EventDate "2000.??.??"]

1. e4 c5 2. Nf3 d6 3. d4 cxd4 4. Nxd4 Nf6 5. Nc3 g6 6. Be3 Bg7 7. f3 O-O 8. Bc4
Nc6 9. Bb3 Bd7 10. Nxc6 bxc6 11. Qd2 Qa5 12. O-O Be6 13. Nd5 Qd8 14. Nxf6+ Bxf6
15. c3 a5 16. Bxe6 fxe6 17. Bh6 Rf7 18. Kh1 a4 19. f4 Qa5 20. Rf3 c5 21. e5
dxe5 22. fxe5 Bxe5 23. Rxf7 Kxf7 24. Rf1+ Bf6 25. Rxf6+ 1-0

[Event "ICS rated standard match"]
[Site "204.178.125.65"]
[Date "2000.08.04"]
[Round "?"]
[White "greekgift"]
[Black "Hossa"]
[Result "0-1"]
[WhiteElo "1911"]
[BlackElo "2342"]
[PlyCount "38"]
[EventDate "2000.??.??"]

1. e4 e5 2. Nf3 Nf6 3. Nc3 Nc6 4. Bc4 Nxe4 5. Nxe4 d5 6. Bd3 dxe4 7. Bxe4 Bg4
8. h3 Bxf3 9. Qxf3 Nd4 10. Qd1 c6 11. c3 Ne6 12. O-O Bd6 13. d3 O-O 14. Qh5 g6
15. Qh6 f5 16. Bf3 f4 17. Be4 Qf6 18. Bd2 Rfd8 19. h4 Bf8 0-1

[Event "ICS rated standard match"]
[Site "204.178.125.65"]
[Date "2000.08.04"]
[Round "?"]
[White "Hossa"]
[Black "greekgift"]
[Result "1-0"]
[WhiteElo "2344"]
[BlackElo "1909"]
[PlyCount "51"]
[EventDate "2000.??.??"]

1. d4 f5 2. c4 e6 3. Nc3 Nf6 4. e3 Be7 5. Nf3 b6 6. Bd3 Bb7 7. O-O O-O 8. b3
Ne4 9. Ne2 Bf6 10. Ba3 d6 11. Nf4 Qe7 12. Nh5 Nd7 13. Qe2 e5 14. Nxf6+ gxf6 15.
Nh4 Kh8 16. Nxf5 Qf7 17. f3 Ng5 18. Bxd6 cxd6 19. Nxd6 Qe6 20. Nxb7 exd4 21. f4
Nf7 22. exd4 Qxe2 23. Bxe2 Rab8 24. Bf3 f5 25. Rfe1 Nf6 26. c5 1-0

[Event "ICS rated blitz match"]
[Site "204.178.125.65"]
[Date "2000.08.04"]
[Round "?"]
[White "PostModernist"]
[Black "Hossa"]
[Result "0-1"]
[WhiteElo "2611"]
[BlackElo "2496"]
[PlyCount "140"]
[EventDate "2000.??.??"]

1. e4 e5 2. Bc4 Bc5 3. Nc3 Nf6 4. f4 d6 5. Nf3 Ng4 6. d4 exd4 7. Nxd4 O-O 8.
Be2 Re8 9. Qd3 Qh4+ 10. g3 Qh3 11. Bd2 Qg2 12. Qf3 Qxf3 13. Nxf3 Nf2 14. Rf1
Nxe4 15. Nd5 Na6 16. O-O-O Be6 17. Ba5 Bxd5 18. Rxd5 Nf6 19. Rd2 Be3 20. Bxa6
bxa6 21. Bxc7 Ne4 22. Ba5 f6 23. Re1 Nxd2 24. Bxd2 Bxd2+ 25. Kxd2 Rxe1 26. Kxe1
Rb8 27. b3 Re8+ 28. Kd2 Re4 29. Kd3 Re7 30. c4 g6 31. Nd4 Re1 32. a4 Rh1 33.
Nf3 Kf7 34. Ke4 Ke7 35. g4 a5 36. f5 Rb1 37. Nd4 Re1+ 38. Kf4 g5+ 39. Kf3 Rf1+
40. Ke3 Rf4 41. h3 Rf1 42. Nc6+ Kd7 43. Nxa5 Rh1 44. Kf3 Rxh3+ 45. Kg2 Rh4 46.
Kg3 h5 47. gxh5 Rxh5 48. Kf3 Rh4 49. Ke3 Rf4 50. b4 Rxf5 51. Nb3 Re5+ 52. Kf2
Re4 53. Nd2 Rh4 54. b5 Ke7 55. a5 Rh2+ 56. Ke3 Rh3+ 57. Kd4 Rh4+ 58. Kd5 Rh1
59. Kc6 Rd1 60. Nf3 g4 61. Nh4 Ra1 62. Nf5+ Ke6 63. Ng3 f5 64. a6 f4 65. Nh5
Ke5 66. b6 Rxa6 67. c5 dxc5 68. Kb7 Rxb6+ 69. Kxa7 Rh6 70. Ng7 g3 0-1

[Event "ICS rated standard match"]
[Site "204.178.125.65"]
[Date "2000.08.04"]
[Round "?"]
[White "Hossa"]
[Black "sergor"]
[Result "1-0"]
[WhiteElo "2346"]
[BlackElo "2084"]
[PlyCount "59"]
[EventDate "2000.??.??"]

1. e4 c5 2. Nf3 e6 3. d4 cxd4 4. Nxd4 a6 5. Bd3 Qc7 6. Nc3 b5 7. O-O Bb7 8. Re1
d6 9. a4 b4 10. Na2 d5 11. exd5 Bxd5 12. c4 Bb7 13. Bd2 Qb6 14. Nb3 a5 15. Qc2
Nd7 16. Bxh7 Ngf6 17. Bd3 Bd6 18. h3 Rc8 19. Be3 Qc6 20. f3 Bc7 21. c5 Ba6 22.
Nac1 Bg3 23. Rd1 Bxd3 24. Qxd3 Qc7 25. Ne2 Bh2+ 26. Kh1 Nd5 27. f4 g5 28. Kxh2
gxf4 29. Bd4 f3+ 30. Ng3 1-0

[Event "ICS rated blitz match"]
[Site "204.178.125.65"]
[Date "2000.08.04"]
[Round "?"]
[White "Hossa"]
[Black "JZInsomniac"]
[Result "1-0"]
[WhiteElo "2517"]
[BlackElo "2796"]
[PlyCount "121"]
[EventDate "2000.??.??"]

1. e4 c5 2. Nf3 e6 3. Nc3 Nc6 4. Bb5 Nge7 5. O-O Qb6 6. d3 g6 7. e5 Bg7 8. Bf4
Nd4 9. Nxd4 cxd4 10. Ne4 O-O 11. Bc4 Qxb2 12. Nd6 Qb6 13. Rb1 Qc6 14. Qd2 a6
15. a4 Nd5 16. Bxd5 Qxd5 17. Nc4 Rb8 18. a5 Qc6 19. Bh6 Qc5 20. Bxg7 Kxg7 21.
Qf4 Ra8 22. Qf6+ Kg8 23. h4 h5 24. Rfe1 Rb8 25. Qf4 Rd8 26. Re4 Rf8 27. Rxd4
Kg7 28. Qf6+ Kg8 29. c3 Qc7 30. Qg5 Kg7 31. Qe7 Kg8 32. Rb4 Rd8 33. Rf4 Rf8 34.
Nd6 Qd8 35. Qxd8 Rxd8 36. Rxf7 b6 37. Rxb6 Ra8 38. c4 Kh8 39. Nxc8 Raxc8 40.
Rxa6 Kg8 41. Rf6 Kg7 42. Rb6 Rc5 43. Rb5 Rdc8 44. a6 R5c7 45. f4 Ra7 46. Rb6
Rc5 47. Kh2 Rc8 48. Rd6 Rc5 49. d4 Ra5 50. d5 R5xa6 51. dxe6 dxe6 52. c5 Rxd6
53. cxd6 Rd7 54. Rxe6 Rf7 55. Re8 Rd7 56. g4 Kf7 57. e6+ Kxe8 58. exd7+ Kd8 59.
f5 gxf5 60. gxh5 Kxd7 61. Kg3 1-0

[Event "ICS Rated blitz match"]
[Site "204.178.125.65"]
[Date "2000.08.04"]
[Round "?"]
[White "fog"]
[Black "Hossa"]
[Result "0-1"]
[WhiteElo "2370"]
[BlackElo "2544"]
[PlyCount "67"]
[EventDate "2000.??.??"]

1. d4 c5 2. d5 d6 3. e4 Nf6 4. Nc3 g6 5. Nf3 Bg7 6. Be2 O-O 7. O-O e6 8. h3
exd5 9. exd5 Re8 10. Bf4 Ne4 11. Nxe4 Rxe4 12. Bc1 Nd7 13. Bd3 Re7 14. c4 Nf6
15. Bg5 h6 16. Bh4 g5 17. Bg3 Ne4 18. Bxe4 Rxe4 19. Qb3 Re2 20. Rab1 a5 21.
Rfe1 a4 22. Qa3 Rxe1+ 23. Rxe1 f5 24. b4 f4 25. Bh2 b6 26. Nd2 Bf5 27. f3 Qf6
28. Kh1 Qc3 29. Qxc3 Bxc3 30. Rd1 Bxb4 31. g3 Bd3 32. gxf4 Be2 33. Re1 Re8 34.
fxg5 0-1

[Event "ICS rated blitz match"]
[Site "204.178.125.65"]
[Date "2000.08.04"]
[Round "?"]
[White "Hossa"]
[Black "PostModernist"]
[Result "1/2-1/2"]
[WhiteElo "2553"]
[BlackElo "2592"]
[PlyCount "152"]
[EventDate "2000.??.??"]

1. e4 c5 2. Nf3 g6 3. d4 cxd4 4. Nxd4 Bg7 5. c4 Qb6 6. Nb5 d6 7. Be3 Qd8 8.
N1c3 Nf6 9. Nxa7 Ng4 10. Nxc8 Bxc3+ 11. bxc3 Qxc8 12. Bd4 e5 13. Bb6 Nd7 14.
Qxd6 Ra6 15. Rb1 Nxb6 16. Rxb6 Rxa2 17. Rb1 Ra6 18. Qb4 Ra7 19. Be2 Nf6 20. Qd6
Nd7 21. Bg4 f5 22. Qe6+ Kd8 23. exf5 Re8 24. Qd5 h5 25. Bh3 g5 26. g4 hxg4 27.
Bxg4 Qc6 28. h4 Qxd5 29. cxd5 Rh8 30. h5 Nf6 31. Be2 g4 32. c4 Rxh5 33. Rxh5
Nxh5 34. Bxg4 Nf6 35. Bd1 Kc7 36. Bb3 Kd6 37. Bc2 Kc5 38. Bd3 Kd4 39. Bf1 e4
40. d6 Kc5 41. Rd1 b6 42. Bg2 Rd7 43. f3 exf3 44. Bxf3 Rxd6 45. Rxd6 Kxd6 46.
Be2 Ke5 47. Bd3 Ne8 48. Kd2 Kd4 49. Kc2 Nd6 50. f6 Ke5 51. f7 Nxf7 52. Kb3 Ng5
53. Bc2 Kd4 54. Kb4 Nf3 55. Bd1 Ne5 56. Kb5 Nxc4 57. Kb4 Nd6 58. Bf3 Kd3 59.
Ka4 Kc4 60. Ka3 Kc5 61. Be2 Nc4+ 62. Kb3 b5 63. Ka2 Kb4 64. Kb1 Kc3 65. Kc1 b4
66. Bxc4 Kxc4 67. Kc2 b3+ 68. Kb2 Kb4 69. Kb1 Kb5 70. Kc1 Kc5 71. Kb2 Kc4 72.
Kb1 Kb4 73. Kb2 Kc4 74. Kb1 Kc3 75. Kc1 b2+ 76. Kb1 Kb3 1/2-1/2

[Event "ICS Rated standard match"]
[Site "204.178.125.65"]
[Date "2000.08.04"]
[Round "?"]
[White "erce"]
[Black "Hossa"]
[Result "0-1"]
[WhiteElo "2058"]
[BlackElo "2352"]
[PlyCount "49"]
[EventDate "2000.??.??"]

1. e4 e5 2. Nf3 Nf6 3. Nxe5 d6 4. Nf3 Nxe4 5. d4 Nc6 6. Bd3 Nf6 7. O-O Be7 8.
c4 O-O 9. h3 Nb4 10. Be2 Bf5 11. Nc3 d5 12. a3 Nc2 13. Ra2 dxc4 14. Bxc4 c5 15.
d5 a6 16. Bf4 Qb6 17. b3 Nd4 18. Nxd4 cxd4 19. Ne2 Be4 20. Nxd4 Rfd8 21. Re1
Bc5 22. Be5 Bxd5 23. Bxd5 Rxd5 24. Rd2 Rad8 25. Nf3 0-1

[Event "ICS rated standard match"]
[Site "204.178.125.65"]
[Date "2000.08.05"]
[Round "?"]
[White "Hossa"]
[Black "Bootemout"]
[Result "1-0"]
[WhiteElo "2357"]
[BlackElo "1954"]
[PlyCount "67"]
[EventDate "2000.??.??"]

1. d4 c6 2. e3 d5 3. Bd3 Nf6 4. Nf3 Bg4 5. h3 Bxf3 6. gxf3 Nbd7 7. Bd2 e5 8.
Qe2 Qb6 9. Nc3 O-O-O 10. O-O-O Bb4 11. a3 Bd6 12. dxe5 Nxe5 13. Bf5+ Kb8 14.
Na4 Qc7 15. f4 Nc4 16. Bc3 b5 17. Bxf6 gxf6 18. Nc3 Qa5 19. Nb1 h6 20. Qh5 b4
21. a4 Qxa4 22. b3 Qa1 23. bxc4 b3 24. c5 Bxc5 25. cxb3 Ba3+ 26. Kd2 Qb2+ 27.
Kd3 c5 28. Nxa3 c4+ 29. Nxc4 dxc4+ 30. Kxc4 Rc8+ 31. Bxc8 Rxc8+ 32. Kb4 a5+ 33.
Qxa5 Qc3+ 34. Ka4 {Bootemout resigns} 1-0

[Event "ICS rated standard match"]
[Site "204.178.125.65"]
[Date "2000.08.05"]
[Round "?"]
[White "Hossa"]
[Black "GoodKnightMike"]
[Result "1-0"]
[WhiteElo "2360"]
[BlackElo "1980"]
[PlyCount "61"]
[EventDate "2000.??.??"]

1. d4 d5 2. c4 e6 3. Nc3 c5 4. cxd5 exd5 5. e3 Nc6 6. dxc5 Nf6 7. Na4 Bxc5 8.
Nxc5 Qa5+ 9. Bd2 Qxc5 10. Rc1 Qd6 11. Nf3 O-O 12. Bb5 Bg4 13. O-O a6 14. Be2
Rfe8 15. Qb3 Rab8 16. Rfd1 h6 17. Bc3 Be6 18. Bxf6 gxf6 19. Qc3 Qe7 20. Nd4
Rbc8 21. Nxc6 Rxc6 22. Qd4 Rec8 23. Rxc6 Rxc6 24. Qf4 Kg7 25. Qg3+ Kf8 26. Qh4
Kg7 27. Rd2 Qc7 28. Bd1 Rc4 29. Qh5 Qa5 30. Qe2 Qxa2 31. b3 1-0

[Event "ICS rated standard match"]
[Site "204.178.125.65"]
[Date "2000.08.05"]
[Round "?"]
[White "greekgift"]
[Black "Hossa"]
[Result "0-1"]
[WhiteElo "1906"]
[BlackElo "2363"]
[PlyCount "36"]
[EventDate "2000.??.??"]

1. e4 d5 2. exd5 Qxd5 3. Nf3 Nc6 4. d4 Bg4 5. Nc3 Qh5 6. Nb5 O-O-O 7. c3 a6 8.
a4 e5 9. Be2 f5 10. O-O e4 11. Bf4 exf3 12. gxf3 Bh3 13. Bg3 Bxf1 14. Bxf1 axb5
15. axb5 Nb8 16. b6 Bd6 17. bxc7 Kxc7 18. Ra7 Nc6 {greekgift resigns} 0-1

[Event "ICS Rated bullet match"]
[Site "204.178.125.65"]
[Date "2000.08.05"]
[Round "?"]
[White "Hossa"]
[Black "duendecilla"]
[Result "0-1"]
[WhiteElo "2526"]
[BlackElo "2420"]
[PlyCount "178"]
[EventDate "2000.??.??"]

1. c4 e5 2. Nc3 Nc6 3. e4 Bc5 4. Nf3 d6 5. Na4 Nf6 6. Nxc5 dxc5 7. d3 O-O 8.
Be2 Qd6 9. Bg5 Bg4 10. O-O Rad8 11. Qb3 Bxf3 12. Bxf3 Nd4 13. Qxb7 Rb8 14. Qxa7
Ra8 15. Qxa8 Nxf3+ 16. gxf3 Rxa8 17. Rfd1 Nh5 18. Be3 Nf4 19. Bxf4 exf4 20. h3
Qg6+ 21. Kf1 Qh5 22. Ke2 Qxh3 23. Rh1 Qd7 24. Rhc1 h5 25. b3 g5 26. a4 f6 27.
a5 Ra6 28. Ra2 h4 29. Rd1 Kf7 30. Rb1 h3 31. Rh1 g4 32. Raa1 gxf3+ 33. Kxf3
Qxd3+ 34. Kxf4 Rxa5 35. Rxa5 Qd2+ 36. Kg3 Qxa5 37. Rxh3 Qe1 38. Rh7+ Ke6 39.
Rxc7 Qxe4 40. Rxc5 Qd3+ 41. Kg2 Qxb3 42. Rc6+ Kf5 43. Rc5+ Kg4 44. Rc7 Qh3+ 45.
Kg1 f5 46. Rg7+ Kf4 47. Rg3 Qh5 48. Kg2 Qd1 49. Rc3 Qd2 50. Rh3 Qc2 51. Rh7 Ke5
52. Rc7 Qe4+ 53. Kg1 Kf4 54. Rh7 Qe1+ 55. Kg2 Qe4+ 56. Kg1 Qd3 57. Rh4+ Ke5 58.
Kg2 Kf6 59. Rh6+ Kg5 60. Rh2 Qxc4 61. Rh3 f4 62. Ra3 Qe4+ 63. Kf1 f3 64. Re3
Qb1+ 65. Re1 Qb4 66. Rc1 Qh4 67. Ke1 Qh2 68. Rc5+ Kg4 69. Rc4+ Kh3 70. Rc8 Qg1+
71. Kd2 Qxf2+ 72. Kd3 Qe2+ 73. Kc3 f2 74. Rf8 f1=Q 75. Rh8+ Kg2 76. Rg8+ Kf2
77. Rf8+ Ke1 78. Rxf1+ Kxf1 79. Kd4 Kf2 80. Kd5 Qe3 81. Kd6 Kf3 82. Kc7 Qe4 83.
Kd7 Kf4 84. Kc7 Qd5 85. Kc8 Ke5 86. Kb8 Qf7 87. Kc8 Kd6 88. Kb8 Kc6 89. Kc8
Qc7# {Hossa checkmated} 0-1

[Event "ICS Rated standard match"]
[Site "204.178.125.65"]
[Date "2000.08.05"]
[Round "?"]
[White "greekgift"]
[Black "Hossa"]
[Result "0-1"]
[WhiteElo "1932"]
[BlackElo "2367"]
[PlyCount "58"]
[EventDate "2000.??.??"]

1. e4 d5 2. exd5 Qxd5 3. Nf3 Nc6 4. Nc3 Qe6+ 5. Be2 Nf6 6. d4 Qd6 7. O-O a6 8.
Re1 Bf5 9. a3 O-O-O 10. Ne5 Nxe5 11. dxe5 Qxd1 12. Bxd1 Nd7 13. Nd5 e6 14. Ne3
Bg6 15. f4 Bc5 16. Kf1 f6 17. exf6 gxf6 18. g3 Bf7 19. Kg2 h5 20. Rb1 h4 21. b4
Ba7 22. c4 hxg3 23. hxg3 Rdg8 24. c5 Rg7 25. Bb2 c6 26. Nc4 Kc7 27. Bd4 e5 28.
Nd6 exd4 29. Re7 Bd5+ {greekgift resigns} 0-1

[Event "ICS rated blitz match"]
[Site "204.178.125.65"]
[Date "2000.08.05"]
[Round "?"]
[White "Pi"]
[Black "Hossa"]
[Result "1-0"]
[WhiteElo "2779"]
[BlackElo "2550"]
[PlyCount "93"]
[EventDate "2000.??.??"]

1. e4 d5 2. exd5 Qxd5 3. Nc3 Qd6 4. d4 Nf6 5. Nf3 Bg4 6. h3 Bf5 7. Bc4 Nbd7 8.
Nb5 Qc6 9. Qe2 a6 10. d5 Qb6 11. Nc3 O-O-O 12. O-O e5 13. Nh4 Bg6 14. Nxg6 hxg6
15. d6 Bxd6 16. Bxf7 g5 17. Be6 Kb8 18. Bxg5 Qxb2 19. Qf3 Qxc2 20. Bf5 e4 21.
Nxe4 Ne5 22. Qe3 Neg4 23. Qe1 Nh6 24. Bxh6 gxh6 25. Nxd6 Qc5 26. Nxb7 Kxb7 27.
Qb1+ Ka8 28. Rc1 Qd6 29. Be4+ Nxe4 30. Qxe4+ Qd5 31. Qa4 Rd6 32. Rxc7 Rg6 33.
g3 Rhg8 34. Qf4 a5 35. Qe3 Ra6 36. Rac1 a4 37. R1c5 Qd1+ 38. Kh2 Qb1 39. R5c6
Ra5 40. Qe6 Rf8 41. Ra6+ Kb8 42. Rb6+ Kxc7 43. Qd6+ Kc8 44. Qb8+ Kd7 45. Rd6+
Ke7 46. Qc7+ Ke8 47. Rd8# {Hossa checkmated} 1-0

[Event "ICS rated standard match"]
[Site "204.178.125.65"]
[Date "2000.08.05"]
[Round "?"]
[White "Hossa"]
[Black "BarryNelson"]
[Result "1/2-1/2"]
[WhiteElo "2369"]
[BlackElo "2146"]
[PlyCount "51"]
[EventDate "2000.??.??"]

1. e4 c5 2. Nf3 Nf6 3. e5 Nd5 4. Nc3 e6 5. Nxd5 exd5 6. d4 Nc6 7. dxc5 Bxc5 8.
Qxd5 d6 9. exd6 Qb6 10. Bc4 Bxf2+ 11. Ke2 O-O 12. Qe4 Bd7 13. Kd1 Rae8 14. Qf4
Nd4 15. Ne5 Rxe5 16. Qxe5 Qb4 17. Bh6 gxh6 18. Qf4 Qxc4 19. Qxf2 Bf5 20. b3
Bxc2+ 21. Kc1 Ne2+ 22. Kb2 Qc3+ 23. Ka3 Qa5+ 24. Kb2 Qc3+ 25. Ka3 Qa5+ 26. Kb2
1/2-1/2

[Event "ICS rated standard match"]
[Site "204.178.125.65"]
[Date "2000.08.05"]
[Round "?"]
[White "Hossa"]
[Black "Pennswoodpusher"]
[Result "1-0"]
[WhiteElo "2366"]
[BlackElo "2092"]
[PlyCount "79"]
[EventDate "2000.??.??"]

1. d4 Nc6 2. Nf3 d6 3. d5 Ne5 4. Nxe5 dxe5 5. e4 e6 6. Bb5+ Bd7 7. Qd3 a6 8.
Bxd7+ Qxd7 9. dxe6 Qxe6 10. O-O Nf6 11. Rd1 Bc5 12. Bg5 O-O 13. Qf3 Ng4 14. Bh4
f5 15. exf5 Qxf5 16. Qd5+ Kh8 17. Qxc5 Qh5 18. Bg3 Nxf2 19. Rf1 Nh3+ 20. gxh3
Rxf1+ 21. Kxf1 Qd1+ 22. Kf2 e4 23. Ke3 Qf3+ 24. Kd4 Rd8+ 25. Kc4 b5+ 26. Kb4
a5+ 27. Kxb5 Qe2+ 28. Ka4 e3 29. Bxc7 Re8 30. Na3 Qa6 31. Bxa5 e2 32. c4 Qe6
33. Qd5 Qe3 34. Re1 h6 35. Nb5 Re4 36. Nc3 Re5 37. Rxe2 Qxe2 38. Qd8+ Re8 39.
Nxe2 Rxd8 40. Bxd8 1-0

[Event "ICS rated standard match"]
[Site "204.178.125.65"]
[Date "2000.08.05"]
[Round "?"]
[White "Axic"]
[Black "Hossa"]
[Result "0-1"]
[WhiteElo "2200"]
[BlackElo "2371"]
[PlyCount "56"]
[EventDate "2000.??.??"]

1. d4 c5 2. c3 cxd4 3. cxd4 d5 4. Nc3 Nc6 5. e3 Nf6 6. f3 e6 7. e4 dxe4 8. fxe4
Qxd4 9. Qd3 Ng4 10. Be2 Qf2+ 11. Kd2 Nb4 12. Qf3 Qd4+ 13. Ke1 Nc2+ 14. Kf1
Nge3+ 15. Kf2 Nc4+ 16. Kg3 Nxa1 17. Qd3 Bd6+ 18. Kh3 Qxd3+ 19. Bxd3 Ne5 20.
Bb5+ Ke7 21. Bg5+ f6 22. Be3 Nc2 23. Bf2 g5 24. Nf3 g4+ 25. Kg3 gxf3 26. gxf3
Rg8+ 27. Kh3 Nxf3 28. Rg1 e5+ {Axic resigns} 0-1

[Event "ICS rated blitz match"]
[Site "204.178.125.65"]
[Date "2000.08.05"]
[Round "?"]
[White "Hossa"]
[Black "Varguz"]
[Result "0-1"]
[WhiteElo "2543"]
[BlackElo "2796"]
[PlyCount "98"]
[EventDate "2000.??.??"]

1. e4 c5 2. Nf3 e6 3. d4 cxd4 4. Nxd4 Nc6 5. Nc3 Qc7 6. Be2 a6 7. a3 Nf6 8. Be3
Be7 9. O-O O-O 10. f4 d6 11. Kh1 b5 12. e5 dxe5 13. Nxc6 Qxc6 14. fxe5 Bb7 15.
Bf3 Nd5 16. Qd3 Rad8 17. Nxd5 exd5 18. Rf2 Qe6 19. Qd4 f6 20. Bf4 Rc8 21. b4
Rc4 22. Qa7 Bc6 23. Be2 Rxf4 24. Rxf4 Qxe5 25. Qxa6 Qxa1+ 26. Rf1 Qe5 27. Bxb5
Bxb5 28. Qxb5 Bd6 29. g3 Qe4+ 30. Kg1 Be5 31. c3 Bxc3 32. Rf4 Bd4+ 33. Kf1 Qh1+
34. Ke2 Rc8 35. Qd3 Re8+ 36. Kd2 Qe1+ 37. Kc2 Re2+ 38. Kb3 Re3 39. Rxd4 Qd1+
40. Kb2 Rxd3 41. Rxd3 Qxd3 42. Kc1 Qc3+ 43. Kd1 d4 44. Ke2 Qe3+ 45. Kf1 Qd2 46.
Kg1 d3 47. g4 Qe2 48. b5 d2 49. b6 d1=Q# {Hossa checkmated} 0-1

[Event "ICS rated standard match"]
[Site "204.178.125.65"]
[Date "2000.08.05"]
[Round "?"]
[White "Hossa"]
[Black "PINGUINITA"]
[Result "1-0"]
[WhiteElo "2371"]
[BlackElo "2266"]
[PlyCount "55"]
[EventDate "2000.??.??"]

1. e4 e5 2. Nf3 Nc6 3. Bc4 Nf6 4. Ng5 d5 5. exd5 Na5 6. d3 h6 7. Nf3 e4 8. Nfd2
exd3 9. Bxd3 Nxd5 10. O-O Be7 11. Nc4 Nxc4 12. Bxc4 Be6 13. Qf3 O-O 14. Rd1 c6
15. Nc3 Qa5 16. Nxd5 Bxd5 17. Bxd5 cxd5 18. Bf4 Rad8 19. Be3 Bf6 20. c3 a6 21.
Bxh6 Qb5 22. Rab1 Qc4 23. Be3 Qxa2 24. Bb6 Rd7 25. Qf5 Qa4 26. Re1 d4 27. Qg4
Qc2 28. Qxd7 {PINGUINITA resigns} 1-0

[Event "ICS rated standard match"]
[Site "204.178.125.65"]
[Date "2000.08.05"]
[Round "?"]
[White "NEPTUN"]
[Black "Hossa"]
[Result "0-1"]
[WhiteElo "1916"]
[BlackElo "2382"]
[PlyCount "72"]
[EventDate "2000.??.??"]

1. Nf3 Nf6 2. e3 g6 3. d4 Bg7 4. b3 c5 5. Bb2 cxd4 6. Bxd4 Nc6 7. Bb2 O-O 8.
Be2 d6 9. O-O Bf5 10. Bd3 Qd7 11. Bxf5 Qxf5 12. Nd4 Nxd4 13. Bxd4 Rfd8 14. Qd3
Qxd3 15. cxd3 Nd5 16. Bxg7 Kxg7 17. Rc1 Rac8 18. Nd2 f5 19. a3 f4 20. Nf1 Rf8
21. b4 fxe3 22. fxe3 Rc3 23. Rxc3 Nxc3 24. Re1 h5 25. h3 Kh6 26. Ng3 Nb5 27. a4
Nc3 28. a5 Nd5 29. b5 Nc3 30. b6 axb6 31. axb6 h4 32. Ne2 Rc8 33. Nf4 Rc6 34.
d4 Rxb6 35. Rc1 Rb3 36. Ne6 Ne2+ {NEPTUN resigns} 0-1

[Event "ICS rated standard match"]
[Site "204.178.125.65"]
[Date "2000.08.05"]
[Round "?"]
[White "Hossa"]
[Black "greekgift"]
[Result "1-0"]
[WhiteElo "2384"]
[BlackElo "1930"]
[PlyCount "29"]
[EventDate "2000.??.??"]

1. e4 c5 2. Nf3 d6 3. d4 cxd4 4. Nxd4 Nf6 5. Nc3 g6 6. Be3 Bg7 7. f3 O-O 8. Bc4
Nc6 9. Bb3 Bd7 10. Nxc6 bxc6 11. Qd2 Qa5 12. O-O Rfd8 13. Rf2 Rac8 14. Bh6 Bh8
15. Nd5 {greekgift resigns} 1-0

[Event "ICS rated blitz match"]
[Site "204.178.125.65"]
[Date "2000.08.05"]
[Round "?"]
[White "Hossa"]
[Black "Pi"]
[Result "0-1"]
[WhiteElo "2537"]
[BlackElo "2891"]
[PlyCount "104"]
[EventDate "2000.??.??"]

1. e4 c5 2. Nf3 d6 3. d4 cxd4 4. Nxd4 Nf6 5. Nc3 a6 6. Be2 e6 7. Be3 Be7 8. O-O
Qc7 9. Bd3 Nbd7 10. Qd2 O-O 11. Bg5 Ne5 12. Be2 h6 13. Bf4 Nc4 14. Bxc4 Qxc4
15. e5 dxe5 16. Bxe5 Ng4 17. Rfe1 Rd8 18. b3 Qc5 19. Na4 Qa7 20. Rad1 b5 21.
Nb2 f6 22. Bg3 e5 23. c3 exd4 24. cxd4 a5 25. Qc2 Bb4 26. Re2 f5 27. h3 Nf6 28.
Be5 Nd5 29. Rd3 f4 30. Rf3 Qf7 31. Nd3 Bf5 32. Qc1 Bxd3 33. Rxd3 Rac8 34. Rc2
Qf5 35. Rxc8 Rxc8 36. Qd1 Rc3 37. Rd2 f3 38. g4 Qe4 39. Kh2 Be7 40. Qf1 Bg5 41.
Rd1 Rc2 42. Kh1 Bh4 43. Qxb5 Rxf2 44. Rc1 Rxa2 45. Qe8+ Kh7 46. Bg3 Qxe8 47.
Bf2 Bxf2 48. g5 Bxd4 49. Rg1 f2 50. g6+ Qxg6 51. Rb1 f1=Q+ 52. Rxf1 Qg2# {
Hossa checkmated} 0-1

[Event "ICS rated standard match"]
[Site "204.178.125.65"]
[Date "2000.08.05"]
[Round "?"]
[White "Bootemout"]
[Black "Hossa"]
[Result "0-1"]
[WhiteElo "2064"]
[BlackElo "2386"]
[PlyCount "78"]
[EventDate "2000.??.??"]

1. d4 c5 2. c3 cxd4 3. cxd4 d5 4. Nf3 e6 5. Nc3 Nf6 6. Bg5 Nc6 7. e3 h6 8. Bxf6
gxf6 9. Be2 Bd7 10. O-O Rg8 11. e4 dxe4 12. Nxe4 Nb4 13. Nc3 Bc6 14. a3 Nd5 15.
Ne1 Qb6 16. Nxd5 Bxd5 17. b4 Rd8 18. Rc1 Bc6 19. Bf3 Bb5 20. Be2 Bd6 21. Bxb5+
Qxb5 22. Nf3 b6 23. Qd2 h5 24. Qc2 Bf4 25. Qc6+ Qxc6 26. Rxc6 Kd7 27. d5 Be5
28. b5 exd5 29. Rd1 Ke7 30. g3 d4 31. Kf1 Rd5 32. a4 d3 33. Nd2 h4 34. f4 hxg3
35. fxe5 gxh2 36. exf6+ Ke8 37. Rc8+ Kd7 38. Rxg8 h1=Q+ 39. Rg1 Rf5+ {
Bootemout resigns} 0-1

[Event "ICS Rated standard match"]
[Site "204.178.125.65"]
[Date "2000.08.05"]
[Round "?"]
[White "greekgift"]
[Black "Hossa"]
[Result "1-0"]
[WhiteElo "1916"]
[BlackElo "2390"]
[PlyCount "173"]
[EventDate "2000.??.??"]

1. e4 e5 2. Nf3 Nf6 3. Nc3 Nc6 4. Bb5 Bb4 5. d3 Nd4 6. Bc4 b5 7. Bb3 d6 8. h3
Nxb3 9. axb3 O-O 10. O-O c6 11. Bg5 a5 12. Ne2 Bb7 13. d4 exd4 14. Nexd4 Re8
15. c3 Bc5 16. Re1 h6 17. Bh4 g5 18. Nxg5 hxg5 19. Bxg5 Bxd4 20. cxd4 c5 21.
Qf3 Kg7 22. d5 Bc8 23. Re3 Rg8 24. g4 Rh8 25. Qf4 Ra7 26. Rf3 Nxd5 27. exd5 Qf8
28. Bf6+ Kh7 29. Qe4+ Kg8 30. Bxh8 Kxh8 31. Re1 Kg7 32. Qe8 b4 33. Qxf8+ Kxf8
34. Rfe3 Bd7 35. Re7 Kg7 36. h4 c4 37. bxc4 a4 38. g5 a3 39. bxa3 bxa3 40. h5
a2 41. Ra1 Kf8 42. Rxa2 Rxa2 43. Rxd7 Ra4 44. h6 Kg8 45. Rxd6 Rxc4 46. Rf6 Rg4+
47. Kf1 Rxg5 48. d6 Ra5 49. Ke2 Rd5 50. Ke3 Rd1 51. Ke4 Rd2 52. f4 Rd1 53. Ke5
Rd2 54. h7+ Kxh7 55. Rxf7+ Kg6 56. Rf6+ Kg7 57. Re6 Kf8 58. Re7 Ra2 59. f5 Re2+
60. Kf6 Rd2 61. Ke6 Re2+ 62. Kd7 Rf2 63. Re5 Kf7 64. Re7+ Kf8 65. Re8+ Kf7 66.
Kd8 Ra2 67. Re3 Ra8+ 68. Kc7 Ra7+ 69. Kc8 Ra8+ 70. Kb7 Ra2 71. d7 Rb2+ 72. Kc6
Rc2+ 73. Kd6 Rd2+ 74. Kc7 Rc2+ 75. Kd8 Rc1 76. Rb3 Ra1 77. Rb7 Rc1 78. Rc7 Ra1
79. Kc8 Kf6 80. d8=Q+ Ke5 81. Re7+ Kf4 82. Qd4+ Kg5 83. Qxa1 Kg4 84. Qf1 Kg5
85. f6 Kh4 86. Rg7 Kh5 87. Qh1# {Hossa checkmated} 1-0

[Event "ICS rated standard match"]
[Site "204.178.125.65"]
[Date "2000.08.05"]
[Round "?"]
[White "Hossa"]
[Black "crecky"]
[Result "1-0"]
[WhiteElo "2360"]
[BlackElo "2393"]
[PlyCount "147"]
[EventDate "2000.??.??"]

1. e4 e5 2. Nc3 Nf6 3. Bc4 Nc6 4. d3 Bc5 5. Bg5 d6 6. Na4 Na5 7. Nxc5 dxc5 8.
Bb5+ c6 9. Ba4 b5 10. Bb3 h6 11. Bh4 Nxb3 12. axb3 O-O 13. Ne2 Qd6 14. O-O g5
15. Bg3 Nh5 16. Kh1 a6 17. Qd2 Rd8 18. Qa5 Bg4 19. Nc3 Be6 20. Rad1 Rd7 21. Ne2
Bg4 22. f3 Nxg3+ 23. Nxg3 Be6 24. Nh5 Rdd8 25. Rb1 Kh8 26. Ng3 Ra7 27. Ne2 Rdd7
28. Qc3 b4 29. Qe1 Rd8 30. Ra1 a5 31. Qf2 Rda8 32. Ra4 c4 33. bxc4 c5 34. b3
Bd7 35. Ra2 a4 36. bxa4 Rxa4 37. Rxa4 Rxa4 38. Qe1 Ra2 39. Qb1 Qa6 40. h4 Qa3
41. hxg5 hxg5 42. Qc1 Qxc1 43. Nxc1 Rxc2 44. Nb3 Rb2 45. Nxc5 Be8 46. Ra1 Kg7
47. Ra8 Kf8 48. Nd7+ Ke7 49. Nxe5 b3 50. Kh2 Rd2 51. c5 f6 52. Ra7+ Ke6 53. Ng4
Rxd3 54. Ra6+ Ke7 55. Rb6 Rc3 56. Nxf6 Bf7 57. Nh7 Bg8 58. Nxg5 Rxc5 59. f4 Bc4
60. e5 Rb5 61. Rxb5 Bxb5 62. Ne4 b2 63. Nc3 Bd3 64. g4 b1=Q 65. Nxb1 Bxb1 66.
f5 Ba2 67. Kg3 Kf7 68. g5 Bd5 69. Kf4 Ke7 70. g6 Ba2 71. Kg5 Bd5 72. Kh6 Kf8
73. Kh7 Be4 74. g7+ {crecky resigns} 1-0